| 000 | 00570nam a2200181Ia 4500 | ||
|---|---|---|---|
| 008 | 090124s9999 xx 000 0 und d | ||
| 082 |
_b9408 _a1397 |
||
| 100 | _aकेतकर द.वें. | ||
| 245 | _a मेघदूत-त्रिविक्रमा | ||
| 250 | _a2 | ||
| 260 | _c1957 | ||
| 300 | _a26+96 | ||
| 600 | _aकेतकर द.वें. | ||
| 630 | _a मेघदूत-त्रिविक्रमा | ||
| 700 | _aकेतकर द.वें. | ||
| 730 | _a मेघदूत-त्रिविक्रमा | ||
| 942 | _cBOOK | ||
| 999 |
_c123457 _d123457 |
||